| 000 | 00000nam##2200000za#4500 |
| 001 | 9.685740 |
| 003 | CaOODSP |
| 005 | 20200401080444 |
| 007 | ta |
| 008 | 150407|2015||||xxc||||| f|0| 0 fre|d |
| 020 | |a978-0-660-23065-8 |
| 040 | |aCaOODSP|bfre |
| 043 | |an-cn--- |
| 086 | 1 |aEn106-133/2015F |
| 110 | 1 |aCanada. |bAgence canadienne d'évaluation environnementale. |
| 245 | 10|aProjet Rainy River - rapport d'évaluation environnementale |
| 260 | |aOttawa - Ontario : |bAgence canadienne d'évaluation environnementale |cc2015. |
| 300 | |axvii, 248p. : |bfigures, cartes, tableaux ; |c28 cm. |
| 563 | |aCerlox |
| 590 | |a15-13|b2015-03-27 |
| 775 | 08|tRainy River Project environmental assessment report |w(CaOODSP)9.652820 |
| 776 | 0#|tProjet Rainy River - rapport d'évaluation environnementale |w(CaOODSP)9.644063 |